IDENTIFYING HIDDEN NEEDS CREATING BREAKT (Record no. 28279)

MARC details
000 -LEADER
fixed length control field 00361nam a2200133Ia 4500
008 - FIXED-LENGTH DATA ELEMENTS--GENERAL INFORMATION
fixed length control field 240624s9999 xx 000 0 und d
041 ## - LANGUAGE CODE
Language code of text/sound track or separate title eng
082 ## - DEWEY DECIMAL CLASSIFICATION NUMBER
Classification number 658.83 GOF
100 ## - MAIN ENTRY--PERSONAL NAME
Personal name GOFFIN KEITH
245 ## - TITLE STATEMENT
Title IDENTIFYING HIDDEN NEEDS CREATING BREAKT
260 ## - PUBLICATION, DISTRIBUTION, ETC.
Date of publication, distribution, etc. 2010
Place of publication, distribution, etc. New Delhi
Name of publisher, distributor, etc. Palgrave Macmillan
300 ## - PHYSICAL DESCRIPTION
Extent xxiv, : 261 : p. : cm. ; 23
365 ## - TRADE PRICE
Currency code ERU
Price amount 38
Holdings
Withdrawn status Lost status Damaged status Not for loan Home library Current library Shelving location Date acquired Source of acquisition Cost, normal purchase price Full call number Barcode Date last seen Copy number Price effective from Koha item type
        IMTN IMTN Rack 37-B 12/19/2016 BKI 49.99 658.83 GOF 28279 06/24/2024 77.3 06/24/2024 Books
Designed & Maintained by: LRC IMT Nagpur Contact: lrc@imtnag.ac.in© 2024. All Rights Reserved.